Football Teams Jean-Pierre Papin Played For - Statistics

General Stats
  • This quiz has been taken 39 times
  • The average score is 4 of 10
Answer Stats
League Years Team % Correct
France 1986-1992 Olympique de Marseille
96%
Italy 1992-1994 AC Milan
75%
Germany 1994-1996 FC Bayern München
75%
Belgium 1985-1986 Club Brugge
58%
France 1996-1998 FC Girondins de Bordeaux
33%
France 1998 EA Guingamp
21%
Réunion 1999-2001 JS Saint-Pierroise
17%
France 1984-1985 Valenciennes FC
17%
France 2004-2006 FC Bassin d'Arcachon
13%
France 2001-2004 US Lège Cap-Ferret
13%
No matching quizzes found
Score Distribution
Percent of People with Each Score
Percentile by Number Answered
Your Score History
You have not taken this quiz